| 000 | 00478nam a22001577a 4500 | ||
|---|---|---|---|
| 020 | _qHBK. | ||
| 082 | _a658.4 | ||
| 100 | _aUsmani, Ali Jawad | ||
| 245 |
_aImportance of Value Chain Mapping & Analysis in B2B Industry _cAli Jawad Usmani. |
||
| 260 |
_aIslamabad: _bNBS - NUST, _c2016. |
||
| 300 |
_a65 p. : ill. ; _c30cm. |
||
| 650 |
_aEMBA Thesis. _917645 |
||
| 700 |
_aMr. Bilal Chohan. _917869 |
||
| 942 |
_2ddc _cTHE |
||
| 999 |
_c527499 _d527499 |
||